[Event "Baltic Cup-B 2nd"]
[Site "Darlowko"]
[Date "2018.06.28"]
[Round "5"]
[White "Bartoszewski Reiski, Olaf"]
[Black "Polak, Michal"]
[Result "1-0"]
[WhiteElo "1668"]
[BlackElo "1836"]
[PlyCount "53"]
[EventDate "2018.06.24"]
[EventType "swiss"]
[EventRounds "9"]
[EventCountry "POL"]
[SourceTitle "CBM 187 Extra"]
[Source "ChessBase"]
[SourceDate "2018.11.04"]
[SourceVersion "1"]
[SourceVersionDate "2018.11.04"]
[SourceQuality "1"]

1. e4 e5 2. Bc4 Nf6 3. d3 Bc5 4. Nc3 c6 5. f4 exf4 6. Bxf4 d5 7. exd5 cxd5 8. Bb3 0-0 9. Qd2 Re8+ 10. Nge2 Bb4 11. d4 Ne4 12. Qd3 Bf5 13. Qf3 Nxc3 14. bxc3 Bg4 15. Qxg4 Bxc3+ 16. Kf2 Bxa1 17. Rxa1 Nc6 18. c3 a5 19. Ng3 Ne7 20. h4 b5 21. Re1 Kh8 22. h5 Qc8 23. Qf3 Qd7 24. h6 g6 25. Be5+ Kg8 26. Qf6 b4 27. Qg7# 1-0

[Event "Berlin Lichtenberger op 16th"]
[Site "Berlin"]
[Date "2017.08.25"]
[Round "7"]
[White "Meyer Dunker, Paul"]
[Black "Bartoszewski Reiski, Olaf"]
[Result "1-0"]
[WhiteElo "1965"]
[BlackElo "1740"]
[PlyCount "59"]
[EventDate "2017.08.19"]
[EventType "swiss"]
[EventRounds "9"]
[EventCountry "GER"]
[SourceTitle "CBM 180 Extra"]
[Source "ChessBase"]
[SourceDate "2017.10.06"]
[SourceVersion "1"]
[SourceVersionDate "2017.10.06"]
[SourceQuality "1"]

1. e4 c5 2. Nf3 Nc6 3. d4 cxd4 4. Nxd4 g6 5. c4 Bg7 6. Be3 Nf6 7. Nc3 0-0 8. Be2 d6 9. 0-0 Bd7 10. Kh1 Ne5 11. f4 Neg4 12. Bg1 e5 13. Ndb5 exf4 14. Rxf4 Bh6 15. Rxg4 Nxg4 16. Bxg4 Bxg4 17. Qxg4 a6 18. Nd4 Bg7 19. Rd1 h5 20. Qf3 Rc8 21. Qd3 Qc7 22. Nd5 Qd8 23. Nf3 Re8 24. Bb6 Qd7 25. Bd4 Qc6 26. Bxg7 Kxg7 27. Qd4+ Kh6 28. Qf6 Qc5 29. Ne7 Rxe7 30. Qxe7 1-0

[Event "Berlin Lichtenberger op 16th"]
[Site "Berlin"]
[Date "2017.08.22"]
[Round "4"]
[White "Bartoszewski Reiski, Olaf"]
[Black "Willich, Manfred"]
[Result "1-0"]
[WhiteElo "1740"]
[BlackElo "1961"]
[PlyCount "67"]
[EventDate "2017.08.19"]
[EventType "swiss"]
[EventRounds "9"]
[EventCountry "GER"]
[SourceTitle "CBM 180 Extra"]
[Source "ChessBase"]
[SourceDate "2017.10.06"]
[SourceVersion "1"]
[SourceVersionDate "2017.10.06"]
[SourceQuality "1"]

1. e4 c5 2. Nf3 e6 3. d4 cxd4 4. Nxd4 a6 5. c4 Nf6 6. Nc3 Bb4 7. Bd3 Qc7 8. 0-0 Nc6 9. Nf3 0-0 10. Bg5 Be7 11. Qe2 d6 12. Rac1 Re8 13. Nd5 exd5 14. cxd5 h6 15. Bf4 Bd7 16. dxc6 Bxc6 17. Nd4 Bf8 18. Nxc6 bxc6 19. Qc2 Rec8 20. Bc4 Qb7 21. Bb3 a5 22. Ba4 Ra6 23. Rfd1 Qb4 24. f3 d5 25. Be5 Nd7 26. Bc3 Qc5+ 27. Bd4 Qxc2 28. Rxc2 dxe4 29. Bb5 cxb5 30. Rxc8 exf3 31. Bf2 Ne5 32. Rdd8 Ng6 33. Bc5 Re6 34. Bxf8 1-0

[Event "POL-chT U20 1st League"]
[Site "Szczyrk"]
[Date "2017.07.27"]
[Round "6.9"]
[White "Szczurek, Krzysztof"]
[Black "Bartoszewski Reiski, Olaf"]
[Result "1-0"]
[WhiteElo "2070"]
[BlackElo "1622"]
[PlyCount "69"]
[EventDate "2017.07.22"]
[EventType "team-tourn"]
[EventRounds "9"]
[EventCountry "POL"]
[SourceTitle "EXT 2019"]
[Source "ChessBase"]
[SourceDate "2018.10.10"]
[SourceVersion "1"]
[SourceVersionDate "2018.10.10"]
[SourceQuality "1"]

1. e4 c5 2. c3 Nf6 3. e5 Nd5 4. Nf3 Nc6 5. d4 cxd4 6. cxd4 d6 7. Bc4 e6 8. 0-0 Be7 9. Bd2 0-0 10. Qe2 Qb6 11. Bc3 Nxc3 12. bxc3 dxe5 13. dxe5 Bd7 14. Nbd2 Rac8 15. Bd3 Qc7 16. Rfe1 a6 17. h3 b5 18. Nh2 Ba3 19. Ng4 Ne7 20. Ne4 Ng6 21. Qe3 Bc5 22. Qd2 Be7 23. Nef6+ Kh8 24. Bxg6 Bxf6 25. Bxh7 Kxh7 26. exf6 Rh8 27. fxg7 Kxg7 28. Qd4+ e5 29. Nxe5 Be6 30. Re3 Rcg8 31. Nd7+ Kh6 32. Qh4+ Kg6 33. Rg3+ Kf5 34. Rf3+ Kg6 35. Rf6+ 1-0

[Event "POL-chT U20 1st League"]
[Site "Szczyrk"]
[Date "2017.07.26"]
[Round "5.27"]
[White "Bartoszewski Reiski, Olaf"]
[Black "Lepski, Maksymilian"]
[Result "0-1"]
[WhiteElo "1622"]
[BlackElo "1426"]
[PlyCount "66"]
[EventDate "2017.07.22"]
[EventType "team-tourn"]
[EventRounds "9"]
[EventCountry "POL"]
[SourceTitle "EXT 2019"]
[Source "ChessBase"]
[SourceDate "2018.10.10"]
[SourceVersion "1"]
[SourceVersionDate "2018.10.10"]
[SourceQuality "1"]

1. e4 Nf6 2. e5 Nd5 3. d4 d6 4. Nf3 Bg4 5. Bc4 e6 6. h3 Bxf3 7. Qxf3 c6 8. 0-0 Be7 9. Qg3 dxe5 10. dxe5 g6 11. Nd2 0-0 12. Ne4 Nd7 13. Bh6 Re8 14. Rad1 Bh4 15. Qd3 Nxe5 16. Qd4 Bf6 17. Bxd5 Nf3+ 18. gxf3 Bxd4 19. Rxd4 exd5 20. Bg5 Rxe4 21. Bxd8 Rxd4 22. Bf6 Rf4 23. Be5 Rxf3 24. Kg2 Rf5 25. f4 Re8 26. Rf2 Rexe5 27. fxe5 Rxf2+ 28. Kxf2 f6 29. exf6 Kf7 30. Kf3 Kxf6 31. c3 Kf5 32. a3 g5 33. b4 h5 0-1

[Event "POL-chT U20 1st League"]
[Site "Szczyrk"]
[Date "2017.07.23"]
[Round "2.9"]
[White "Bartoszewski Reiski, Olaf"]
[Black "Poltorak, Sebastian"]
[Result "0-1"]
[WhiteElo "1622"]
[BlackElo "1710"]
[PlyCount "94"]
[EventDate "2017.07.22"]
[EventType "team-tourn"]
[EventRounds "9"]
[EventCountry "POL"]
[SourceTitle "EXT 2019"]
[Source "ChessBase"]
[SourceDate "2018.10.10"]
[SourceVersion "1"]
[SourceVersionDate "2018.10.10"]
[SourceQuality "1"]

1. e4 c6 2. Nf3 d5 3. Nc3 Bg4 4. h3 Bxf3 5. Qxf3 e6 6. d3 Nd7 7. Bd2 g6 8. g4 Bg7 9. Qg3 Ne7 10. f4 Qc7 11. 0-0-0 0-0-0 12. Qf2 d4 13. Ne2 c5 14. Ng3 Nc6 15. Bg2 Bf8 16. Rhe1 b5 17. e5 Nb6 18. Bxc6 Qxc6 19. Ba5 Rd7 20. Bxb6 axb6 21. Ne4 b4 22. b3 Qa8 23. Kb2 Qa3+ 24. Kb1 Be7 25. Qg2 Kc7 26. Re2 Ra8 27. c4 bxc3 28. Nf6 Rdd8 29. f5 Ra7 30. Rc1 b5 31. fxe6 fxe6 32. Kc2 Qxa2+ 33. Kd1 Qxb3+ 34. Ke1 Rda8 35. Rcc2 Ra1+ 36. Kf2 R8a2 37. Kg3 Rxc2 38. Rxc2 Rg1 39. Qxg1 Qxc2 40. Qf1 Qa2 41. Ng8 Bd8 42. Qf7+ Kb6 43. Nf6 c2 44. Qe8 Qa8 45. Qxe6+ Qc6 46. Nd5+ Kb7 47. Qf7+ Ka6 0-1

[Event "POL-ch rapid"]
[Site "Zgierz"]
[Date "2017.01.08"]
[Round "1"]
[White "Bartoszewski Reiski, Olaf"]
[Black "Kanarek, Marcel"]
[Result "0-1"]
[WhiteElo "1627"]
[BlackElo "2522"]
[PlyCount "46"]
[EventDate "2017.01.08"]
[EventType "swiss (rapid)"]
[EventRounds "9"]
[EventCountry "POL"]
[SourceTitle "CBM 176 Extra"]
[Source "ChessBase"]
[SourceDate "2017.03.02"]
[SourceVersion "1"]
[SourceVersionDate "2017.03.02"]
[SourceQuality "1"]

1. e4 c5 2. Nf3 Nc6 3. d4 cxd4 4. Nxd4 g6 5. Be3 Nf6 6. Nc3 Bg7 7. Bc4 0-0 8. Bb3 Re8 9. 0-0 d6 10. h3 Na5 11. Ba4 Bd7 12. Bxd7 Qxd7 13. Qe2 Rac8 14. Rad1 a6 15. e5 dxe5 16. Ndb5 Qe6 17. Na3 b5 18. Naxb5 axb5 19. Qxb5 Nc4 20. Bc1 Rb8 21. Qc5 Nxb2 22. Nb5 Nxd1 23. Nc7 Qc8 0-1

[Event "POL-chT4 Kujawsko-Pomorskie 1617"]
[Site "Poland"]
[Date "2016.11.27"]
[Round "3.24"]
[White "Wieczorek, Mateusz1111"]
[Black "Bartoszewski Reiski, Olaf"]
[Result "0-1"]
[WhiteElo "1357"]
[BlackElo "1512"]
[PlyCount "80"]
[EventDate "2016.11.06"]
[EventType "team-tourn"]
[EventRounds "11"]
[EventCountry "POL"]
[SourceTitle "EXT 2019"]
[Source "ChessBase"]
[SourceDate "2018.10.10"]
[SourceVersion "1"]
[SourceVersionDate "2018.10.10"]
[SourceQuality "1"]

1. e4 c5 2. Nf3 e6 3. d4 cxd4 4. Nxd4 Nf6 5. Nc3 Bb4 6. Bd3 e5 7. Nf5 0-0 8. 0-0 Bxc3 9. bxc3 d5 10. Ng3 Bg4 11. Be2 Be6 12. Bg5 Nbd7 13. Bf3 Qa5 14. exd5 Bxd5 15. Bxd5 Nxd5 16. Qg4 N7f6 17. Bxf6 Nxf6 18. Qg5 h6 19. Qe3 Rac8 20. Ne2 Rfe8 21. Rfb1 Nd5 22. Qd2 Red8 23. Qe1 Rd7 24. a4 Nxc3 25. Rb5 Qc7 26. Nxc3 Qxc3 27. Rxe5 Qxe1+ 28. Raxe1 Rxc2 29. Re8+ Kh7 30. g3 Rdd2 31. R8e7 Rxf2 32. Rxb7 Rg2+ 33. Kh1 Rxh2+ 34. Kg1 Rhg2+ 35. Kh1 Rxg3 36. Rxf7 Rc4 37. Kh2 Rg5 38. Kh3 Rxa4 39. Ree7 a6 40. Re8 Ra1 0-1

[Event "POL-chT4 Kujawsko-Pomorskie 1516"]
[Site "Poland"]
[Date "2016.04.03"]
[Round "11"]
[White "Bartoszewski Reiski, Olaf"]
[Black "Theuss, Tomasz"]
[Result "1/2-1/2"]
[WhiteElo "1425"]
[BlackElo "1673"]
[PlyCount "62"]
[EventDate "2015.11.08"]
[EventType "team-tourn"]
[EventRounds "11"]
[EventCountry "POL"]
[SourceTitle "EXT 2019"]
[Source "ChessBase"]
[SourceDate "2018.10.10"]
[SourceVersion "1"]
[SourceVersionDate "2018.10.10"]
[SourceQuality "1"]

1. e4 e5 2. f4 d6 3. Nf3 exf4 4. d4 Nf6 5. Nc3 Be7 6. Bxf4 0-0 7. Bc4 Nc6 8. h3 a6 9. 0-0 b5 10. Bd3 Bb7 11. a3 b4 12. axb4 Nxb4 13. e5 Nxd3 14. Qxd3 dxe5 15. dxe5 Qxd3 16. cxd3 Nd5 17. Nxd5 Bxd5 18. Rfc1 c6 19. Nd4 Rfc8 20. Nf5 Bf8 21. Ne3 Be6 22. Nc4 Bc5+ 23. Kh2 Bd4 24. Nd6 Rcb8 25. Rxc6 Rxb2 26. Rcxa6 Rxa6 27. Rxa6 Bd5 28. Ne4 Bxe4 29. dxe4 h6 30. Ra8+ Kh7 31. Rd8 Bc3 1/2-1/2

[Event "Berlin Lichtenberger op 14th"]
[Site "Berlin"]
[Date "2015.08.17"]
[Round "3"]
[White "Bartoszewski Reiski, Olaf"]
[Black "Heuser, Philip"]
[Result "0-1"]
[WhiteElo "1383"]
[BlackElo "2111"]
[PlyCount "56"]
[EventDate "2015.08.15"]
[EventType "swiss"]
[EventRounds "9"]
[EventCountry "GER"]
[SourceTitle "EXT 2016"]
[Source "ChessBase"]
[SourceDate "2015.10.08"]
[SourceVersion "1"]
[SourceVersionDate "2015.10.08"]
[SourceQuality "1"]

1. e4 c5 2. Nf3 d6 3. d4 cxd4 4. Nxd4 Nf6 5. Nc3 e6 6. g4 Nc6 7. g5 Nd7 8. Ndb5 Nde5 9. f4 Ng6 10. h4 Be7 11. Be3 a6 12. Nd4 Nxd4 13. Qxd4 0-0 14. h5 Nxf4 15. Bxf4 e5 16. Bxe5 dxe5 17. Qxe5 Bxg5 18. Nd5 Re8 19. Qd4 f5 20. Qc3 Qxd5 21. Bg2 Rxe4+ 22. Bxe4 Qxe4+ 23. Kf2 Bh4+ 24. Kg1 Be6 25. Rd1 Rc8 26. Qh3 Rxc2 27. Rh2 Rxh2 28. Qxh2 Qg4+ 0-1

[Event "POL-ch U12"]
[Site "Suwalki"]
[Date "2015.04.11"]
[Round "6.21"]
[White "Bartoszewski Reiski, Olaf"]
[Black "Jaszczuk, Hubert"]
[Result "0-1"]
[WhiteElo "1298"]
[BlackElo "1451"]
[PlyCount "63"]
[EventDate "2015.04.08"]
[EventType "swiss"]
[EventRounds "9"]
[EventCountry "POL"]
[SourceTitle "EXT 2023"]
[Source "ChessBase"]
[SourceDate "2022.10.05"]
[SourceVersion "1"]
[SourceVersionDate "2022.10.05"]
[SourceQuality "1"]

1. e4 Nf6 2. e5 Nd5 3. c4 Nb6 4. d4 d6 5. f4 dxe5 6. fxe5 Nc6 7. Be3 e6 8. Nf3 Bb4+ 9. Nc3 Bd7 10. Be2 Na5 11. c5 Nd5 12. Bd2 Bxc3 13. bxc3 Nc6 14. c4 Nde7 15. Bg5 h6 16. Bh4 Bc8 17. Qd2 b6 18. cxb6 cxb6 19. 0-0 Bb7 20. h3 Qd7 21. Bf2 Rd8 22. Rad1 Ng6 23. Bd3 Nge7 24. Bb1 Na5 25. Qe2 Bxf3 26. Qxf3 Nxc4 27. Be1 Rf8 28. Qb3 Nxe5 29. Bh4 N5c6 30. Qg3 g5 31. Bxg5 hxg5 32. Qxg5 0-1